书目信息 |
| 题名: |
行政事业单位常见审计问题及案例
|
|
| 作者: | ;广东诚安信会计师事务所 , 中勤万信会计师事务所 组编 | |
| 分册: | ||
| 出版信息: | 北京 经济科学出版社 2020 |
|
| 页数: | 14, 320页 | |
| 开本: | 24cm | |
| 丛书名: | ||
| 单 册: | ||
| 中图分类: | F239.66 | |
| 科图分类: | ||
| 主题词: | 行政事业单位--hang zheng shi ye dan wei--内部审计--案例--中国 | |
| 电子资源: | ||
| ISBN: | 978-7-5218-1112-4 | |
| 000 | 01225nam0 2200241 450 | |
| 001 | 2157975919 | |
| 005 | 20211011172911.0 | |
| 010 | @a978-7-5218-1112-4@dCNY68.00 | |
| 100 | @a20200521d2020 em y0chiy0120 ea | |
| 101 | 0 | @achi |
| 102 | @aCN@b110000 | |
| 105 | @aak z 000yy | |
| 106 | @ar | |
| 200 | 1 | @a行政事业单位常见审计问题及案例@Ahang zheng shi ye dan wei chang jian shen ji wen ti ji an li@f广东诚安信会计师事务所, 中勤万信会计师事务所组编 |
| 210 | @a北京@c经济科学出版社@d2020 | |
| 215 | @a14, 320页@c图@d24cm | |
| 330 | @a本书共设十一个一级模块, 包括预决算管理、收入管理、支出管理、资金管理、资产管理、债务管理、政府采购管理、建设项目管理、合同管理、小金库、单位层面内部控制。其中预决算管理、支出管理、资金管理、政府采购管理、资产管理、建设项目管理内容较多, 对这部分内容进行了细分, 分别下设二级模块。每个模块包括常见问题及表现形式、审计实务案例、本章小结构成。 | |
| 606 | 0 | @a行政事业单位@Ahang zheng shi ye dan wei@x内部审计@x案例@y中国 |
| 690 | @aF239.66@v5 | |
| 711 | 02 | @a广东诚安信会计师事务所@Aguang dong cheng an xin hui ji shi shi wu suo@4组编 |
| 711 | 02 | @a中勤万信会计师事务所@Azhong qin wan xin hui ji shi shi wu suo@4组编 |
| 801 | 0 | @aCN@b百万庄@c20211006 |
| 905 | @b1305737-39@dF239.66@e743@f3 | |
| 行政事业单位常见审计问题及案例/广东诚安信会计师事务所, 中勤万信会计师事务所组编.-北京:经济科学出版社,2020 |
| 14, 320页:图;24cm |
| ISBN 978-7-5218-1112-4:CNY68.00 |
| 本书共设十一个一级模块, 包括预决算管理、收入管理、支出管理、资金管理、资产管理、债务管理、政府采购管理、建设项目管理、合同管理、小金库、单位层面内部控制。其中预决算管理、支出管理、资金管理、政府采购管理、资产管理、建设项目管理内容较多, 对这部分内容进行了细分, 分别下设二级模块。每个模块包括常见问题及表现形式、审计实务案例、本章小结构成。 |
| ● |
| 相关链接 |
|
|
|
|
正题名:行政事业单位常见审计问题及案例
索取号:F239.66/743
 
预约/预借
| 序号 | 登录号 | 条形码 | 馆藏地/架位号 | 状态 | 备注 |
| 1 | 1305737 | 213057378 | 第一样本阅览室/ [索取号:F239.66/743] | 在馆 | |
| 2 | 1305738 | 213057387 | 第一借阅区/ [索取号:F239.66/743] | 在馆 | |
| 3 | 1305739 | 213057396 | 第一借阅区/ [索取号:F239.66/743] | 在馆 |